Statistics for Rupaul's Drag Race & All Stars Winners Real Names

Click here to take the quiz!

General Stats

  • This quiz has been taken 1,038 times
    (22 since last reset)
  • The average score is 18 of 24

Answer Stats

QuestionAnswer% Correct
NEA MARSHALL KUDI NGWABebe Zahara Benet
100%
SUTAM IBRAHIM KARIM AMRULLAHRaja
95%
WILLOW PATTERSONWillow Pill
95%
LEO TSAONymphia Wind
89%
SASHA KEKAUOHASasha Colby
89%
SAME NAME IN AND OUT OF DRAGKylie Sonique Love
84%
ROY HAYLOCKBianca del Rio
79%
JAREN KYEI MERRELLShea Couleé
79%
BRIAN MICHAEL FIRKUSTrixie Mattel
79%
JAMES WILLIAM ROSS IVTyra Sanchez
79%
SAME NAME IN AND OUT OF DRAGChad Michaels
74%
RYAN TAYLORTrinity The Tuck
74%
JASON DARDOViolet Chachki
74%
GIOVANNI PALANDRANIAquaria
68%
JAMES INSELLJimbo
68%
KEVIN BERTINMonét X Change
68%
ALEXANDER HEDGED STEINBERGSasha Velour
68%
AARON COADYSharon Needles
68%
JOVAN BRIDGESYvie Oddly
68%
JUSTIN ANDREW HONARDAlaska
63%
REGGIE GAVINSymone
63%
CALDWELL TIDICUEBob The Drag Queen
58%
JARED JOHNSONJaida Essence Hall
47%
JERICK HOFFERJinkx Monsoon
42%

Score Distribution

Percentile by Number Answered

Percent of People with Each Score

Your Score History

You have not taken this quiz since the last reset